header

African religions & philosophy (Record no. 132)

MARC details
000 -LEADER
fixed length control field 00870cam a2200313 4500
001 - CONTROL NUMBER
control field 1248958
003 - CONTROL NUMBER IDENTIFIER
control field OSt
005 - DATE AND TIME OF LATEST TRANSACTION
control field 20150917150005.0
008 - FIXED-LENGTH DATA ELEMENTS--GENERAL INFORMATION
fixed length control field 691001s1969 enk b 001 0 eng
010 ## - LIBRARY OF CONGRESS CONTROL NUMBER
LC control number 72413054
015 ## - NATIONAL BIBLIOGRAPHY NUMBER
National bibliography number B69-13338
020 ## - INTERNATIONAL STANDARD BOOK NUMBER
International Standard Book Number 0435835904
040 ## - CATALOGING SOURCE
Original cataloging agency DLC
Transcribing agency DLC
Modifying agency DLC
043 ## - GEOGRAPHIC AREA CODE
Geographic area code fb-----
050 00 - LIBRARY OF CONGRESS CALL NUMBER
Classification number BL2400
Item number .M38 1969b
082 00 - DEWEY DECIMAL CLASSIFICATION NUMBER
Classification number 299/.6
100 1# - MAIN ENTRY--PERSONAL NAME
Personal name Mbiti, John S.
245 10 - TITLE STATEMENT
Title African religions & philosophy
Statement of responsibility, etc [by] John S. Mbiti.
246 3# - VARYING FORM OF TITLE
Title proper/short title African religions and philosophy
260 ## - PUBLICATION, DISTRIBUTION, ETC. (IMPRINT)
Place of publication, distribution, etc London,
-- Ibadan [etc.]
Name of publisher, distributor, etc Heinemann,
Date of publication, distribution, etc 1969.
300 ## - PHYSICAL DESCRIPTION
Extent xiv, 290 p.
Dimensions 23 cm.
350 ## - PRICE (NR) (BK AM CF MU VM SE) [OBSOLETE]
Price 45/-
500 ## - GENERAL NOTE
General note Map on lining papers.
504 ## - BIBLIOGRAPHY, ETC. NOTE
Bibliography, etc Bibliograpy: p. 278-282.
650 #0 - SUBJECT ADDED ENTRY--TOPICAL TERM
Topical term or geographic name as entry element Philosophy, African.
651 #0 - SUBJECT ADDED ENTRY--GEOGRAPHIC NAME
Geographic name Africa, Sub-Saharan
General subdivision Religion.
906 ## - LOCAL DATA ELEMENT F, LDF (RLIN)
a 7
b cbc
c orignew
d u
e ncip
f 19
g y-gencatlg
942 ## - ADDED ENTRY ELEMENTS (KOHA)
Source of classification or shelving scheme Library of Congress Classification
Koha item type Long Loan Books
Holdings
Withdrawn status Lost status Source of classification or shelving scheme Damaged status Not for loan Collection code Home library Current library Shelving location Date acquired Total Checkouts Full call number Barcode Date last seen Price effective from Koha item type
    Library of Congress Classification     Non-fiction Rongo University Library Rongo University Library General Stacks 17/09/2015   BL2400 .M38 1969b 20091629 17/09/2015 17/09/2015 Long Loan Books
    Library of Congress Classification     Non-fiction Rongo University Library Rongo University Library   05/05/2026   BL2400 .M38 2007 20091631 05/05/2026 05/05/2026 Long Loan Books

© 2026 Rongo University
Contact us: librarian | system librarian | Rongo university